Песнь российских воинов (Запись № 5156686)

Подробности
000 -МАРКЕР
контрольное поле 02363nam0a22003971 4500
001 - ИДЕНТИФИКАТОР ЗАПИСИ
контрольное поле v19\rc\2104352
005 - ИДЕНТИФИКАТОР ВЕРСИИ
контрольное поле 20250620050803.0
035 ## - ДРУГИЕ СИСТЕМНЫЕ НОМЕРА
Идентификатор записи (NLR Aleph) 005184785
100 ## - ДАННЫЕ ОБЩЕЙ ОБРАБОТКИ
Данные общей обработки 20090914d1813 |||y0rusy50 ca
101 0# - ЯЗЫК РЕСУРСА
Язык текста, звукозаписи и т.д. русский
102 ## - СТРАНА ПУБЛИКАЦИИ ИЛИ ПРОИЗВОДСТВА
Страна публикации Российская Федерация
105 ## - ПОЛЕ КОДИРОВАННЫХ ДАННЫХ: ТЕКСТОВЫЕ МАТЕРИАЛЫ, МОНОГРАФИЧЕСКИЕ
Кодированные данные о монографическом текстовом документе y z |||a|
135 ## - ПОЛЕ КОДИРОВАННЫХ ДАННЫХ: ЭЛЕКТРОННЫЕ РЕСУРСЫ
Кодированные данные для электронного ресурса cogo 008apabr
200 1# - ЗАГЛАВИЕ И СВЕДЕНИЯ ОБ ОТВЕТСТВЕННОСТИ
Основное заглавие Песнь российских воинов
210 ## - ПУБЛИКАЦИЯ, РАСПРОСТРАНЕНИЕ И ДР.
Место издания, распространения и т.д. Москва
Имя издателя, распространителя и т. д. в Губернской типографии у А. Решетникова
Дата издания, распространения и т.д. 1813
215 ## - ФИЗИЧЕСКАЯ ХАРАКТЕРИСТИКА
Специфическое обозначение материала и объем [4] с.
Размеры 4° (27 см)
300 ## - ОБЩИЕ ПРИМЕЧАНИЯ
Текст примечания В конце текста авт.: Николай Иванчин-Писарев
309 ## - ПРИМЕЧАНИЯ ОБ ОСНОВНОМ ИСТОЧНИКЕ ИНФОРМАЦИИ И ОБ ОСОБЕННОСТЯХ ПОЛИГРАФИЧЕСКОГО ОФОРМЛЕНИЯ ИЗДАНИЯ
Текст примечания Без тит. л. Вых. дан. на с. [4]
321 1# - ПРИМЕЧАНИЯ ОБ ОТДЕЛЬНО ИЗДАННЫХ УКАЗАТЕЛЯХ / РЕФЕРАТАХ / ССЫЛКАХ, ОТРАЖАЮЩИХ КАТАЛОГИЗИРУЕМЫЙ ДОКУМЕНТ
Примечания об указателях, рефератах, ссылках СК 1801-1825 2995
325 ## - ПРИМЕЧАНИЕ О КОПИИ
Текст примечания Копия доступна в Электрон. б-ке РНБ
327 1# - ПРИМЕЧАНИЯ О СОДЕРЖАНИИ
Текст примечания Содерж. также стихотворения: На истребление Наполеоновых армий
-- К портрету светлейшаго князя М.Л. Голенищева-Кутузова-Смоленскаго
-- Светлейшему князю М.Л.Г[оленищеву].-К[утузову]
464 #0 - АНАЛИТИЧЕСКИЙ УРОВЕНЬ
Встроенное поле 2001#$aНа истребление Наполеоновых армий$aК портрету светлейшаго князя М.Л. Голенищева-Кутузова-Смоленскаго$aСветлейшему князю М.Л.Г[оленищеву].-К[утузову] -C[моленско]му
-- 702#1$3RU\NLR\AUTH\7712616$7ca$aКутузов$bМ. И.$f1745-1813$gМихаил Илларионович
-- 790#1$4280
Заглавие Светлейшему князю М.Л.Г[оленищеву].-К[утузову] -C[моленско]му
700 #1 - ИМЯ ЛИЦА - ПЕРВИЧНАЯ ОТВЕТСТВЕННОСТЬ
Системный номер авторитетной/нормативной записи z02790
Начальный элемент ввода Иванчин-Писарев
Часть имени, кроме начального элемента ввода Н.Д.
Даты 1795-1849
Расширение инициалов личного имени Николай Дмитриевич
790 #1 - ИМЯ ЛИЦА - АЛЬТЕРНАТИВНАЯ ФОРМА
Системный номер авторитетной/нормативной записи z02700
Начальный элемент ввода Писарев
Часть имени, кроме начального элемента ввода Н.Д.
Даты 1795-1849
Расширение инициалов личного имени Николай Дмитриевич
801 #0 - ИСТОЧНИК ЗАПИСИ
Страна Российская Федерация
Организация NLR
Правила каталогизации psbo
801 #1 - ИСТОЧНИК ЗАПИСИ
Страна Российская Федерация
Организация ProSoft-M
Источник данных rusmarc
801 #2 - ИСТОЧНИК ЗАПИСИ
Страна Российская Федерация
Организация NLR
Дата составления 20150916
Источник данных rusmarc
852 ## - МЕСТОНАХОЖДЕНИЕ И ШИФР ХРАНЕНИЯ
Идентификатор организации NLR
Шифр хранения (Call Number) 18.153.2.59
942 ## - ДОПОЛНИТЕЛЬНЫЕ ЭЛЕМЕНТЫ ЗАПИСИ (АБИС)
Тип экземпляра АБИС Книга
980 ## - КОЛЛЕКЦИЯ
Название коллекции Национальная библиография
981 36 - КОЛЛЕКЦИЯ ЭЛЕКТРОННОЙ БИБЛИОТЕКИ
Название коллекции Цифровой репозиторий РНБ
981 20 - КОЛЛЕКЦИЯ ЭЛЕКТРОННОЙ БИБЛИОТЕКИ
Название коллекции Книжные памятники РНБ
Название подколлекции Русский книжный фонд
981 29 - КОЛЛЕКЦИЯ ЭЛЕКТРОННОЙ БИБЛИОТЕКИ
Название коллекции Редкая книга
Экземпляры
Тип экземпляра Дата поступления Библиотека постоянного хранения Библиотека текущего хранения Место хранения Шифр хранения Штрих-код Статус экземпляра
Книга 26.10.2013 РНБ (Садовая) РНБ (Садовая) Русский книжный фонд -Главное здание, Ленинский читальный зал 18.153.2.59 5184785-10